Statistics for Municipalites of Ontario

Click here to take the quiz!

General Stats

  • This quiz has been taken 29 times
    (27 since last reset)
  • The average score is 84 of 445

Answer Stats

Municipality:% Correct
City of Sudbury
84%
City of Ottawa
84%
City of Toronto
84%
Township of Hamilton
84%
City of Hamilton
84%
Township of Guelph/Eramosa
80%
City of Guelph
80%
City of London
76%
City of Windsor
76%
City of Mississauga
76%
Municipality of Gordon/Barrie
76%
City of Barrie
76%
Township of King
76%
Regional Municipality of York
76%
Regional Municipality of Waterloo
76%
City of Waterloo
76%
City of Thunder Bay
72%
County of Brant
72%
City of Brantford
72%
County of Peterborough
72%
Regional Municipality of Halton
72%
County of Simcoe
72%
City of Sault Ste. Marie
72%
City of Kingston
72%
City of Brampton
68%
City of Oshawa
68%
City of North Bay
68%
City of Burlington
68%
District Municipality of Muskoka
68%
Township of Muskoka Lakes
68%
Regional Municipality of Peel
68%
Township of Pickle Lake
68%
Town of Perth
64%
Municipality of North Perth
64%
Township of Perth South
64%
County of Perth
64%
Municipality of Durham
64%
Township of Perth East
64%
Municipality of West Perth
64%
Town of Essex
60%
City of Belleville
60%
Municipality of Northern Bruce Peninsula
60%
City of St. Catherines
60%
County of Essex
60%
County of Haliburton
60%
Municipality of South Bruce
60%
Town of South Bruce Peninsula
60%
City of Kitchener
60%
Town of Ajax
60%
County of Bruce
60%
Town of Bruce Mines
60%
Municipality of Huron Shores
56%
Town of Oakville
56%
Municipality of South Huron
56%
County of Oxford
56%
Municipality of West Nipissing
56%
Township of North Huron
56%
Township of South-West Oxford
56%
County of Huron
56%
Township of Huron-Kinloss
56%
Township of Nipissing
56%
Municipality of Huron East
56%
City of Cambridge
52%
City of Sarnia
52%
City of Timmins
52%
Township of Wellington North
52%
County of Grey
52%
Municipality of Clarington
52%
County of Wellington
52%
County of Hastings
52%
Haldimand County
52%
Township of Brock
52%
Municipality of Brockton
52%
Township of North Kawartha
52%
City of Brockville
52%
City of Pickering
52%
City of Vaughan
48%
City of Cornwall
48%
United Counties of Stormont, Dundas and Glengarry
48%
Township of North Frontenac
48%
County of Frontenac
48%
Township of North Dundas
48%
Municipality of South Dundas
48%
Township of South Frontenac
48%
Town of Gravenhurst
48%
City of Markham
44%
Town of Newmarket
44%
City of Welland
44%
City of Orillia
44%
Town of Renfrew
44%
County of Renfrew
44%
Town of Orangeville
40%
City of Pembroke
40%
Township of North Glengarry
40%
Town of Milton
40%
Town of Northeastern Manitoulin and the Islands
40%
Town of Huntsville
40%
City of Kenora
40%
Town of Bradford West Gwilliambury
40%
Township of South Glengarry
40%
Town of Lincoln
36%
County of Elgin
36%
City of Kawartha Lakes
36%
City of Port Colborne
36%
Township of West Lincoln
36%
Town of Whitby
36%
Municipality of North Middlesex
36%
County of Dufferin
36%
County of Middlesex
36%
Town of Cobourg
36%
Municipality of West Elgin
36%
Township of Minden Hills
32%
Norfolk County
32%
Township of North Stormont
32%
Town of Midland
32%
County of Lennox and Addington
32%
City of Stratford
32%
Town of Richmond Hill
32%
Township of South Algonquin
32%
United Townships of Dysart, Dudley, Harcourt, Guilford, Harburn, Bruton, Havelock, Eyre and Clyde
32%
Township of Algonquin Highlands
32%
Township of Prince
28%
Municipality of Chatham-Kent
28%
County of Prince Edward
28%
Town of Kapuskasing
28%
Town of Collingwood
28%
Town of Bancroft
28%
Town of Aurora
28%
Township of Madoc
28%
Municipality of Leamington
28%
County of Lambton
28%
Town of Rainy River
24%
Town of East Gwillimbury
24%
County of Lanark
24%
Municipality of Highlands East
24%
Town of Caledon
24%
Town of Cochrane
24%
Municipality of Trent Lakes
20%
City of Elliot Lake
20%
Town of Carleton Place
20%
Township of Tiny
20%
Municipality of Trent Hills
20%
Town of Grimsby
20%
Town of Moosonee
20%
Township of Petawawa
20%
Township of Georgian Bay
20%
Township of Oro-Medonte
20%
Town of Deep River
20%
Municipality of North Grenville
16%
City of Thorold
16%
Town of Whitchurch-Stouffville
16%
Town of Kirkland Lake
16%
Township of Tay Valley
16%
Township of Tay
16%
City of Quinte West
16%
Town of Hearst
16%
Town of Marathon
16%
Town of Goderich
16%
Municipality of Meaford
16%
Township of Nipigon
16%
Town of Prescott
16%
Town of Fort Erie
16%
Township of Scugog
16%
City of Woodstock
16%
Municipality of West Gray
16%
Township of Harris
16%
Township of Havelock-Belmont-Methuen
16%
Township of Uxbridge
16%
Municipality of Port Hope
16%
United Counties of Prescott and Russell
16%
Township of Stirling-Rawdon
16%
Municipality of Tweed
12%
Municipality of Wawa
12%
Municipality of French River
12%
City of Dryden
12%
Town of Mono
12%
Township of Mulmur
12%
Town of Arnprior
12%
Municipality of Kincardine
12%
Municipality of Powassan
12%
Town of Blind River
12%
Township of Clearview
12%
County of Northumberland
12%
Township of Chapleau
12%
Town of Halton Hills
12%
City of St. Thomas
12%
Town of Georgina
12%
Town of Tecumseh
12%
Municipality of Brighton
12%
City of Temiskaming Shores
12%
City of Ancaster
12%
Town of Parry Sound
8%
Municipality of Marmora and Lake
8%
Township of Lucan Biddulph
8%
Township of Perry
8%
Town of Mattawa
8%
City of Paris
8%
Town of Saugeen Shores
8%
Township of Otonabee-South Monaghan
8%
Regional Municipality of Niagra
8%
Town of Thessalon
8%
Municipality of Temagami
8%
Town of Niagra-on-the-Lake
8%
Township of Strong
8%
Municipality of Red Lake
8%
Town of Spanish
8%
Town of Smiths
8%
Municipality of Sioux Lookout
8%
Township of Selwyn
8%
Township of Red Rock
8%
City of Niagra Falls
8%
Townshiop of Macdonald, Meredith and Aberdeen
8%
Township of Asphodel-Norwood
8%
Township of East Garafraxa
8%
Township of Cavan Monaghan
8%
Township of Essa
8%
Town of Espanola
8%
Village of Burk's Falls
8%
Municipality of Centre Hastings
8%
Township of Alnwick/Haldimand
8%
Township of Carlow/Mayo
8%
Town of Hanover
8%
Township of Hornepayne
8%
Municipality of Thames Centre
4%
Township of Bonnechere Valley
4%
Village of Sundridge
4%
Town of Gore Bay
4%
Township of Burpee and Mills
4%
Town of New Tecumseth
4%
Town of Innisfill
4%
Township of Greater Madawaska
4%
Township of Hudson
4%
Township of Brethour
4%
Township of Brudgnell, Lyndoch and Raglan
4%
Township of Horton
4%
City of Greater Sudbury
4%
Town of The Blue Mountains
4%
Town of Cobalt
4%
Municipality of Strathroy-Caradoc
4%
Township of Aberdeen
4%
Municipality of Calvin
4%
Town of Laurentian Hills
4%
City of Clarence-Rockland
4%
Township of Sables-Spanish Rivers
4%
Townhip of Russell
4%
Township of Rideau Lakes
4%
Township of Cramahe
4%
Municipality of Shuniah
4%
Township of Puslinch
4%
Township of Drummond/North Elmsley
4%
Town of Smooth Rock Falls
4%
Town of St. Mary's
4%
Township of Chamberlain
4%
Township of Centre Wellington
4%
Town of Englehart
4%
Township of Southgate
4%
Town of Erin
4%
Township of St. Joseph
4%
Township of Nairn and Hyman
4%
Town of Fort Frances
4%
Municipality of Neebing
4%
Township of Head, Clara and Maria
4%
Township of Schreiber
4%
Township of Armstrong
4%
Township of Wainfleet
4%
Township of Warwick
4%
Township of McNab/Braeside
4%
Town of Aylmer
4%
Township of Augusta
4%
Municipality of Arran-Elderslie
4%
Township of Lake of Bays
4%
Township of Killaloe, Hagarty and Richards
4%
Township of Mapleton
4%
Township of Amaranth
4%
Township of Whitewater Region
4%
Township of Adelaide-Metcalfe
4%
Municipality of Lambton Shores
4%
Township of Alfred and Plantagent
4%
Township of Alberton
4%
Municipality of Killarney
4%
Township of Ashfield-Colborne-Wasanosh
4%
Township of Black River-Matheson
4%
Township of Johnson
4%
Township of Baldwin
4%
Township of Beckwith
4%
Municipality of Mississippi Mills
4%
Municipality of Bayham
4%
Township of Billings
4%
Township of Moonbeam
4%
Township of Bonfield
0%
Township of Wilmot
0%
Township of Chaplain
0%
Village of Westport
0%
Municipality of Whitestone
0%
Municipality of Central Manitoulin
0%
Municipality of Central Huron
0%
Township of Central Frontenac
0%
Village of South River
0%
Township of Chapple
0%
Township of Terrance Bay
0%
Municipality of Central Elgin
0%
Township of Sioux Narrows-Nestor Falls
0%
Municipality of Charlton and Dack
0%
Township of Chatsworth
0%
Township of Wollaston
0%
Town of Shelbourne
0%
Township of Severn
0%
Township of Blandford-Blenheim
0%
Township of Chisholm
0%
Township of Woolwich
0%
Township of Admaston/Bromley
0%
Township of Seugin
0%
Township of Zorra
0%
Township of Adjala-Tosorontio
0%
Township of South Stormont
0%
Township of Armour
0%
Town of Amherstburg
0%
Township of Carling
0%
Township of Tyendinga
0%
Municipality of Brooke-Alvinston
0%
Township of Tehkummah
0%
Township of Val Rita-Harty
0%
Village of Ayr
0%
Township of The Archipelago
0%
Town of Wasaga Beach
0%
Township of Tarbutt
0%
The Nation Municipality
0%
Township of The North Shore
0%
Municipality of Callander
0%
Town of Atikokan
0%
Township of Stone Mills
0%
Village of Thornloe
0%
Township of Athens
0%
Municipality of St. Charles
0%
Township of Casey
0%
Township of Wellesley
0%
Township of Assignack
0%
Town of Tillsonburg
0%
Township of St. Clair
0%
Village of Casselman
0%
Township of Springwater
0%
Township of Tudor and Cashel
0%
Township of Southwold
0%
Municipality of Southwest Middlesex
0%
Town of Bracebridge
0%
Municipality of Bluewater
0%
Township of Laurentian Valley
0%
Township of Cockburn Island
0%
Township of Montague
0%
Township of La Vallee
0%
Township of Melancthon
0%
Village of Merrickville-Wolford
0%
Town of Kingsville
0%
Municipality of Middlesex Centre
0%
Township of Kerns
0%
Town of Minto
0%
Town of Kearney
0%
Township of Joly
0%
Township of Morley
0%
Township McKellar
0%
Municipality of Morris-Turnberry
0%
Township of Jocelyn
0%
Township of James
0%
Town of Iroquois Falls
0%
Village of Newbury
0%
Town of Ingersoll
0%
Township of Ignace
0%
Township of Howick
0%
Township of North Algona Wilberforce
0%
Township of McMurrich/Monteith
0%
Township of McGarry
0%
Township of North Dumfries
0%
Township of Madawaska Valley
0%
United Counties of Leeds and Grenville
0%
Township of Leeds and the Thousand Islands
0%
Town of Latchford
0%
Township of Limerick
0%
Township of Larder Lake
0%
Township of Lanark Highlands
0%
Township of Loyalist
0%
Township of Machar
0%
Township; of Machin
0%
Town of Lakeshore
0%
Township of McDougall
0%
Municipality of Magnetawan
0%
Township of Malahide
0%
Township of Manitouwadge
0%
Township of Lake of the Woods
0%
Municipality of Markstay-Warren
0%
Township of Laird
0%
Township of Matachewan
0%
Town of LaSalle
0%
Township of Mattawan
0%
Township of Mattice-Val Côté
0%
Village of Hilton Beach
0%
Township of Hilliard
0%
Township of Coleman
0%
Township of East Hawkesbury
0%
Township of Enniskillen
0%
Township of Emo
0%
Township of Elizabethtown-Kitley
0%
Town of Petrolia
0%
Township of Edwardsburgh/Cardinal
0%
Township of East Zorra-Tavistock
0%
Townahip of Plumber Additional
0%
Town of Plympton-Wyoming
0%
Village of Point Edward
0%
Township of East Ferris
0%
Township of Evanturel
0%
Township of Ear Falls
0%
Township of Dubreuilville
0%
Township of Douro-Drummer
0%
Township of Dorion
0%
Township of Ramara
0%
Town of Deseronto
0%
Township of Dawson
0%
Township of Dawn-Euphemia
0%
Townhip of Conmee
0%
Township of Ryerson
0%
Town of Pentanguishene
0%
Town of Pelham
0%
Town of Hawkesbury
0%
Municipality of Oliver Paipoonge
0%
Municipality of Hastings Highlands
0%
Township of Harley
0%
Municipality of Grey Highlands
0%
Municipality of Greenstone
0%
Town of Greater Napanee
0%
Town of Grand Valley
0%
Township of Norwich
0%
Township of O'Connor
0%
Village of Oil Springs
0%
Township of Opasatika
0%
Township of Pelee
0%
Township of Gillies
0%
Township of Georgian Bluffs
0%
Township of Gauthier
0%
Town of Gananoque
0%
Township of Frontenac Islands
0%
Township of Front of Younge
0%
City of Owen Sound
0%
Township of Papineau-Cameron
0%
Township of Fauquier-Strickland
0%
Township of Faraday
0%
Municipality of Dutton/Dunwich
0%

Score Distribution

Percentile by Number Answered

Percent of People with Each Score

Your Score History

You have not taken this quiz since the last reset